Vietnam'da savaş ve zulüm / (Kayıt no. 14695)

MARC ayrıntıları
000 -BAŞLIK
Sabit Uzunlukta Kontrol Alanı 00660nam a22001937a 4500
999 ## - SİSTEM KONTROL NUMARALARI (KOHA)
Koha Biblionumber 14695
Koha Biblioitemnumber 14695
003 - KONTROL NUMARASI IDENTIFIER
Denetim Alanı MIRAKIL
005 - SON İŞLEM TARİHİ VE ZAMANI
Denetim Alanı 20211216172412.0
008 - SABİT-BOY VERİ ELEMANLARI - GENEL BİLGİLER
Sabit Uzunlukta Kontrol Alanı 211216b tu ||||| |||| 00| 0 tur d
040 ## - KATALOGLAMA KAYNAK
Orijinal Kataloglama Ajansı TR-AnCHP
Kataloglama Dili tur
Metne Dönüştürmek Ajansı TR-AnCHP
082 ## - DEWEY ONLU SINIFLANDIRMA NUMARASI
Sınıflandırma Numarası 959.7
Ürün Numarası R87v 1966
100 ## - ANA GİRİŞ - KİŞİSEL İSİM
Kişisel Ad Russell, Bertrand
Bir Adıyla İlişkilendirilen Tarihler 1872-1970
245 ## - BAŞLIK TABLOSU
Başlık Vietnam'da savaş ve zulüm /
Sorumluluk Tablosu, Vb Bertrand Russell, Russell D. Stetler Jr. ; çevirenler : Şahin Alpay, Nuri Çolakoğlu
260 ## - YAYIN, DAĞITIM, VB
Yayın, Dağıtım, Vb Yeri Ankara :
Yayıncı, Dağıtıcı, Vs Adı Sol yayınları,
Yayın, Dağıtım, Vb Tarihi 1966.
300 ## - FİZİKSEL TANIM
Kapsam 105 s.:
Boyutlar 19 sm.
650 #0 - KONU KATMA GİRİŞ - TOPİKAL DÖNEM
Topikal Süreli Veya Coğrafi Ad Giriş Elemanı Vietnam savaşı
9 (RLIN) 5252
Kronolojik Alt Bölümü 1961-1975
700 ## - KATMA GİRİŞ - KİŞİSEL İSİM
Kişisel Ad Alpay, Şahin
Relator Terim çev.
9 (RLIN) 6889
700 ## - KATMA GİRİŞ - KİŞİSEL İSİM
Kişisel Ad Çolakoğlu, Nuri
Relator Terim çev.
9 (RLIN) 6890
942 ## - EKLENDİ GİRİŞ ELEMANLARI (KOHA)
Sınıflandırma Veya Raf Düzeni Kaynak Dewey Decimal Classification
Koha Öğesi Türü Kitaplar
Mevcut
Kalıcı Konum Mevcut Konum Edinme Tarihi Toplam Check-Out'Lar Tam Çağrı Numarası Barkod Tarih Son Görülme İtibaren Geçerli Fiyatlar Koha Öğesi Türü
CHP Kütüphanesi CHP Kütüphanesi 12/16/2021   959.7 R87v 1966 020183 12/16/2021 12/16/2021 Kitaplar